000 00871nam a2200217Ii 4500
003 JO-AjNU
008 230605s9999||||xx |||||||||||||| ||und||
017 _a2013/11/3901
040 _aJO-AjNU
_bara
_erda
_cJO-AjNU
041 _aara
050 1 4 _aDS154 2014
100 3 _aتاليف العبيدي، عوني جدوع,
_eauthor
_948000
245 0 0 _aسكان الأردن وفلسطين: المنابت والأصول
250 _aط1
264 3 1 _aعمان: المؤلف، 2014
300 _a405ص
_bيشمل على كشافات باسماء القبائل والعشائر وكشاف بالمدن والقرى والمناطق
336 _atext
_btxt
_2rdacontent
337 _aunmediated
_bn
_2rdamedia
338 _avolume
_bnc
_2rdacarrier
650 4 _aالاردن- تاريخ فلسطين- الاحوال السياسية- قبائل وعشائر
_948001
999 _aA20992
_c24560
_d24560